The past at our doors (Record no. 144701)

MARC details
000 -LEADER
campo de control de longitud fija 00643nam a2200181 4500
001 - NÚMERO DE CONTROL
campo de control 144701
003 - IDENTIFICADOR DE NÚMERO DE CONTROL
campo de control ES-MaACL
005 - FECHA Y HORA DE LA ÚLTIMA TRANSACCIÓN
campo de control 20230906201058.0
007 - CAMPO FIJO DE DESCRIPCIÓN FÍSICA--INFORMACIÓN GENERAL
campo de control de longitud fija t|
008 - DATOS DE LONGITUD FIJA--INFORMACIÓN GENERAL
campo de control de longitud fija 070214s1913 xxk r ||||1| eng d
100 1# - ENTRADA PRINCIPAL--NOMBRE DE PERSONA
Nombre de persona Skeat, Walter W.
9 (RLIN) 106740
245 14 - MENCIÓN DEL TÍTULO
Título The past at our doors
Resto del título : or The old in the new around us /
Mención de responsabilidad, etc. Walter W. Skeat.
260 ## - PUBLICACIÓN, DISTRIBUCIÓN, ETC.
Lugar de publicación, distribución, etc. London :
Nombre del editor, distribuidor, etc. [s. n.],
Fecha de publicación, distribución, etc. 1913 (
Lugar de fabricación/manufactura Edinburgh :
Fabricante R. & R. Clark)
300 ## - DESCRIPCIÓN FÍSICA
Extensión XI, 198 p. :
Otras características físicas il. ;
Dimensiones 18 x 12 cm.
505 8# - NOTA DE CONTENIDO CON FORMATO
Nota de contenido con formato Contiene: The story of our food ----- The story of our dress ------ The story of our homes
740 0# - ENTRADA AGREGADA--TÍTULO RELACIONADO/ANALÍTICO NO CONTROLADO
Título relacionado o analítico no controlado The old in the new around us.
852 ## - LOCALIZACIÓN
Ubicación ES-MaACL
Número de control de estantería G-14726
Holdings
Estatus retirado Estado de pérdida Estado de daño No para préstamo Biblioteca de origen Biblioteca actual Ubicación en estantería Fecha de adquisición Fuente de adquisición Total de préstamos Signatura topográfica completa Código de barras Visto por última vez Precio de reemplazo Tipo de ítem Koha
        Biblioteca del Ateneo de Madrid Biblioteca del Ateneo de Madrid Sala Pecera Planta 3 17/01/2008     G-14726 1150874 23/02/2023 23/02/2023 Libro impreso